ADAM BEDE (Record no. 216639)

MARC details
000 -LEADER
fixed length control field 00398nam a22001577a 4500
008 - FIXED-LENGTH DATA ELEMENTS--GENERAL INFORMATION
fixed length control field 260225b |||||||| |||| 00| 0 eng d
020 ## - INTERNATIONAL STANDARD BOOK NUMBER
International Standard Book Number 978-1-85326-192-3
050 ## - LIBRARY OF CONGRESS CALL NUMBER
Classification number PR 4656 .E45 2003
100 ## - MAIN ENTRY--PERSONAL NAME
Personal name ELIOT, GEORGE
245 ## - TITLE STATEMENT
Title ADAM BEDE
260 ## - PUBLICATION, DISTRIBUTION, ETC.
Place of publication, distribution, etc. HERTFORDSHIRE
Name of publisher, distributor, etc. WORDSWORTH CLASSICS
Date of publication, distribution, etc. 2003
300 ## - PHYSICAL DESCRIPTION
Extent X,485
700 ## - ADDED ENTRY--PERSONAL NAME
Personal name DOREEN ROBERTS
942 ## - ADDED ENTRY ELEMENTS (KOHA)
Source of classification or shelving scheme Library of Congress Classification
Koha item type Long Loan Book
Holdings
Withdrawn status Lost status Source of classification or shelving scheme Damaged status Not for loan Collection Home library Current library Shelving location Date acquired Inventory number Total checkouts Full call number Date last seen Copy number Price effective from Koha item type Barcode Date last checked out
    Library of Congress Classification     Arts & Social Sciences Kisii University Library Kisii University Library On Display 02/25/2026 112020   PR 4656 .E45 2003 02/25/2026 4 02/25/2026 Long Loan Book    
    Dewey Decimal Classification     Arts & Social Sciences Kisii University Library Kisii University Library   02/27/2026 111491   PR 4656 .E45 2003 02/27/2026 3 02/27/2026 Long Loan Book    
    Library of Congress Classification     Arts & Social Sciences Kisii University Library Kisii University Library On Display 02/27/2026 111489 1 PR 4656 .E45 2003 04/13/2026 1 02/27/2026 Long Loan Book 000000018472 03/28/2026
    Dewey Decimal Classification     Arts & Social Sciences Kisii University Library Kisii University Library   02/27/2026 111490   PR 4656 .E45 2003 02/27/2026 2 02/27/2026 Long Loan Book